000 00304nam a22001337a 4500
008 170926b xxu||||| |||| 00| 0 eng d
020 _a9781884834851
041 _aeng
080 _a37
100 _a46
101 _aEDU
245 _aAN INTRODUCTION TO THEORIES OF CHILDHOOD
_cDEWEY
942 _2udc
_cBK
999 _c29881
_d29881